Expanded Universal Science: (Record no. 189270)

MARC details
000 -LEADER
fixed length control field 00651nam a22001817a 4500
005 - DATE AND TIME OF LATEST TRANSACTION
control field 20220622160337.0
010 ## - LCCN (DPL NO)
LC control number ENG-133317
020 ## - INTERNATIONAL STANDARD BOOK NUMBER
International Standard Book Number 9789353066642
Terms of availability 110.00
035 ## - SYSTEM CONTROL NUMBER
System control number EN-116849
037 ## - SOURCE OF ACQUISITION
Source of stock number/acquisition DBAD/PUB
082 ## - DEWEY DECIMAL CLASSIFICATION NUMBER
Classification number 530
100 ## - MAIN ENTRY--PERSONAL NAME
Personal name Khanna, Rupam
245 ## - TITLE STATEMENT
Title Expanded Universal Science:
Statement of responsibility, etc Physics/
Remainder of title Rupam khanna
260 ## - PUBLICATION, DISTRIBUTION, ETC. (IMPRINT)
Name of publisher, distributor, etc Person India Education Services Pvt. Ltd.
Date of publication, distribution, etc 2019
Place of publication, distribution, etc Noida U.P
270 ## - ADDRESS
Address 15th Floor Towar-B, World Trade Tower, Plot no.1, Bloc-C, Sector 16,
City Noida U.P
Postal code 201301
Telephone number 080-30461060
Fax number 080-30461003
Electronic mail address companysecretary.india@person.com
300 ## - PHYSICAL DESCRIPTION
Extent 62,p
Dimensions 25cm(pbk)
942 ## - ADDED ENTRY ELEMENTS (KOHA)
Source of classification or shelving scheme Dewey Decimal Classification
Item type English Books
Classification part 530
Call number suffix KHA
Holdings
Withdrawn status Lost status Not for loan Collection code Home library Current library Date acquired Source of acquisition Cost, normal purchase price Full call number Barcode Copy number Cost, replacement price Koha item type
    Not For Loan Non-fiction D.B.Act.Division D.B.Act.Division 22/06/2022 DBAD/PUB 110.00 530 KHA EN-116849 1 110.00 English Books

© Delhi Public Library
Hit Counter
free hit counter